Письма (восемьдесят восемь) А.И. Философову от сына Михаила [Алексеевича] Философова

Доступно только в Электронных читальных залах Найти на картеНа карте
RUSMARC
00004329nmc2a22000003x 450
00175fba0c6-4700-4acf-9ab3-c82e39385eb1
00520210202111032.0
100##$a20191111l16201914k l0rusy0189 ca
1010#$arus
$afre
102##$aRU
2001#$aПисьма (восемьдесят восемь) А.И. Философову от сына Михаила [Алексеевича] Философова
$j7 июня 1851 г. - 26 января 1874 г. и без даты
$eсемейного характера, (в том числе детские), о личных делах, успехах в учебе, времяпрепровождении, о своей службе, с новостями о родственниках и общих знакомых, о поездках в имения Кемля Нижегородской губернии и Загвоздье Петербургской губернии, поздравительные с праздниками
251##$cДело
300##$aДокументы А.И. Философова и А.Г. Философовой (рожденной Столыпиной). Письма разных лиц А.И. Философову
300##$aНа русском и французском языках
801#0$aRU
$bРГИА
$c20191111
$gRCR
801#1$aRU
$bГлавНИВЦ
$c20191111
$2rusmarc
801#2$aRU
$bПБ им. Б.Н. Ельцина
$c20210202
$gRCR
$2rusmarc
850##$aРГИА
852##$aРГИА
$eФедеральное казенное учреждение "Российский государственный исторический архив" (РГИА)
$j831
937##$hРГИА
$d12329882
$aASBIBLIO_SCAN
462#0$10014d3a017d-0f59-479d-854a-a33f257889ce
$12001
$a1620-1914 гг.
$1251
$cОпись
$1852
$j1
461#0$10013ac9e1a7-0948-4040-b955-7f6f9bd0478b
$12001
$aФилософов Алексей Илларионович (1799-1874), генерал- адъютант, воспитатель великих князей Николая и Михаила Николаевичей, временный военный губернатор Петербурга
$1251
$cФонд
$1852
$j1075
215##$a179 л.
$cрис.
$d24х37 см
371##$aДокумент не является опубликованным и широко распространяемым
105##$aa###
1222#$ad
035##$a75fba0c6-4700-4acf-9ab3-c82e39385eb1
856##$uhttp://readingroom.main.prlib.ru/item.aspx?id_node=n155989357&mode=full
Формат отображения